Poema de Santa Oria
Guardat en:
| Autor principal: | |
|---|---|
| Format: | Llibre |
| Idioma: | espanyol |
| Publicat: |
Madrid
Castalia
1981
|
| Col·lecció: | Clásicos Castalia, 107
|
| Matèries: | |
| Etiquetes: |
Afegir etiqueta
Sense etiquetes, Sigues el primer a etiquetar aquest registre!
|
MARC
| LEADER | 00000nam a2200000 a 4500 | ||
|---|---|---|---|
| 001 | UCQ5284 | ||
| 003 | CL-VaPUC | ||
| 008 | 980925e19810000SP |||||||||||||||||spa|d | ||
| 082 | 0 | 4 | |a 861 |b BER |2 21 |
| 100 | 0 | |a Berceo, Gonzalo de |e author |9 308429 | |
| 245 | 1 | 0 | |a Poema de Santa Oria |
| 300 | |a 172 p | ||
| 942 | |c BK | ||
| 945 | |d 19980925 00:00:00 |a crobeson | ||
| 260 | |a Madrid |b Castalia |c 1981 | ||
| 650 | 0 | |a Poesías españolas |9 265100 | |
| 650 | 0 | |a Literatura española |9 306261 | |
| 583 | |a last modification |c 19980925 00:00:00 |k Rodrigo Vera | ||
| 490 | 0 | |a Clásicos Castalia, 107 | |
| 999 | |c 275498 |d 275496 | ||
| 952 | |0 0 |1 0 |4 0 |6 861_000000000000000_BER_1981 |7 0 |8 A |9 312255 |a BIBEDU |b BIBEDU |c ES_NOD |d 2019-11-20 |i 1469967 |o 861 BER 1981 |p 1469967 |r 2023-08-09 |w 2019-11-20 |y BK |k LIT | ||